• 首页
  • 本馆介绍
  • 公告通知
  • 最新文献
  • 馆藏检索
  • 电子资源
  • 读者导购
  • 参考咨询
  • 我的图书馆
  • 登录
  • 详细信息显示
  • 放入我的书架
  • 预约/预借图书
  • 作者相关作品
  • 分类相关作品
  • 丛书相关作品
  • 出版社相关作品

书目信息

  • 表格格式
  • 工作单格式
  • 卡片格式
题名:
财产与德性
    
 
作者: 詹姆斯 著 ;张东辉 , 柳波 译
分册:  
出版信息: 北京   知识产权出版社  2016
页数: 251页
开本: 21cm
丛书名: 西方传统 经典与解释
单 册:
中图分类: B516.33 , D0-02 , C91-02
科图分类:
主题词: 政治哲学--研究--德国--近代 , 社会哲学--研究--德国--近代
电子资源:
ISBN: 978-7-5130-1215-7
000 01977nam0 2200349 450
001 2739
005 20161205144527.95
010    @a978-7-5130-1215-7@dCNY30.00
100    @a20160516d2016 em y0chiy50 ea
101 1  @achi@ceng
102    @aCN@b110000
105    @ay z 001yy
200 1  @a财产与德性@9cai chan yu de xing@dFichte's social and pllitical philosophy@e费希特的社会与政治哲学@eproperty and virtue@zeng@f(南非)詹姆斯(James, D.)著@g张东辉,柳波译
210    @a北京@c知识产权出版社@d2016
215    @a251页@d21cm
225 2  @a西方传统 经典与解释@f黄涛,吴彦主编@i德意志古典法学丛编
330    @a在这部对于费希特的社会与政治思想的研究专著中,作者提供了对于费希特在这一领域中的那些著名作品,如《自然法权基础》,《对德意志民族讲演》的深入解释,本研究集中于两个主题,其一是财产,其二是美德。这些主题为如下问题的讨论提供了一个基础,这些问题包括,保障所有国家公民的自由意味着什么,在国家之间的经济依附的不平等关系的问题,以及权利与道德的法律和政治范围的区别和联系问题。作者也将费希特的主要的社会和政治观念同哲学史中的其他的一些重要的人物关联起来,比如同洛克、康德和黑格尔关联起来,同时也与法国大革命的激进阶段关联起来。对于那些对费希特的哲学及其智识和政治背景感兴趣的读者们来说,作者的论证十分重要。
461  0 @12001@@a西方传统 经典与解释@i德意志古典法学丛编
510 1  @aFichte's social and pllitical philosophy@epropertyandvirtue@zeng
517 1  @a费希特的社会与政治哲学@9fei xi te de she hui yu zheng zhi zhe xue
606 0  @a政治哲学@x研究@y德国@z近代
606 0  @a社会哲学@x研究@y德国@z近代
610  0 @a费希特@c(Fichte, Johann Gottlieb@f1762-1814)@x政治哲学@x研究
610  0 @a费希特@c(Fichte, Johann Gottlieb@f1762-1814)@x社会哲学@x研究
690    @aB516.33@v5
690    @aD0-02@v5
690    @aC91-02@v5
701  0 @a詹姆斯@9zhan mu si@c(南非)@c(James, D.)@4著
702  0 @a张东辉@9zhang dong hui@4译
702  0 @a柳波@9liu bo@4译
801  0 @aCN@b大连网信软件有限公司图书馆·11@c20161205
905    @aZUCC@dB516.33@e149
    
    财产与德性=Fichte's social and pllitical philosophy:费希特的社会与政治哲学:property and virtue/(南非)詹姆斯(James, D.)著/张东辉,柳波译.-北京:知识产权出版社,2016
    251页;21cm.-(西方传统 经典与解释/黄涛,吴彦主编.德意志古典法学丛编)
    
    
    ISBN 978-7-5130-1215-7:CNY30.00
    在这部对于费希特的社会与政治思想的研究专著中,作者提供了对于费希特在这一领域中的那些著名作品,如《自然法权基础》,《对德意志民族讲演》的深入解释,本研究集中于两个主题,其一是财产,其二是美德。这些主题为如下问题的讨论提供了一个基础,这些问题包括,保障所有国家公民的自由意味着什么,在国家之间的经济依附的不平等关系的问题,以及权利与道德的法律和政治范围的区别和联系问题。作者也将费希特的主要的社会和政治观念同哲学史中的其他的一些重要的人物关联起来,比如同洛克、康德和黑格尔关联起来,同时也与法国大革命的激进阶段关联起来。对于那些对费希特的哲学及其智识和政治背景感兴趣的读者们来说,作者的论证十分重要。
●
相关链接 在E读中查询图书 在五车中查询图书 在当当中查询图书 在豆瓣中查询图书


正题名:财产与德性     索取号:B516.33/149         预约/预借

序号 登录号 条形码 馆藏地/架位号 状态 备注
1 910950   209109506   第一样本阅览室/ [索取号:B516.33/149] 在馆    
2 910951   209109515   第一借阅区/ [索取号:B516.33/149] 在馆    
3 910952   209109524   第一借阅区/ [索取号:B516.33/149] 在馆    
4 910953   209109533   第一借阅区/ [索取号:B516.33/149] 在馆    
5 910954   209109542   第一借阅区/ [索取号:B516.33/149] 在馆    
唐山师范学院图书馆 欢迎您!
大连网信软件有限公司© 版权所有